Podstawy kontroli finansowej

Gespeichert in:
Bibliographische Detailangaben
1. Verfasser: Kurowski, Leon
Weitere Verfasser: Sochacka-Krysiak, Hanna
Format: Buch
Sprache:Polnisch
Veröffentlicht: Warszawa Wydawnictwo Ekon. 1981
Ausgabe:2. zmien. wyd.
Tags: Tag hinzufügen
Keine Tags, Fügen Sie das erste Tag hinzu!

MARC

LEADER 00000nam a2200000 4500
001 c137847
005 20041019155311.2
041 0 |a pol 
044 |a PL 
245 1 0 |a Podstawy kontroli finansowej  |c Leon Kurowski, Hanna Sochacka-Krysiak 
250 |a 2. zmien. wyd. 
264 1 |a Warszawa  |b Wydawnictwo Ekon.  |c 1981 
300 |a 239 s. 
100 1 |a Kurowski, Leon 
700 1 |a Sochacka-Krysiak, Hanna